000 00541nam a2200193 i 4500
001 bg
245 0 _aMikroekonomia /
_cMarek Garbicz [et al.].
260 _aWarszawa :
_bSGPiS,
_c1990.
300 _a247 s. ;
_c24 cm.
521 _aSkrypt dla studentów I roku Wydziału Finansów i Statystyki SGPiS.
650 9 _aMikroekonomia
655 _aPodręczniki akademickie
700 1 _aGARBICZ, Marek.
040 _cBPK
041 0 _apl
080 _a330:330.101.542](075.8)
942 _cKS
008 s pl f |000 0 pol
999 _c24702
_d24702
856 _uhttp://koha.tu.koszalin.pl/cgi-bin/koha/opac-detail.pl?biblionumber=24702
_yKatalog online BPK